Loading...
| Fine Arts - Classical Music and Opera | 4 | 10.00 | 50% | 50% | 0% |
| Fine Arts - Other Arts | 4 | 17.50 | 100% | 50% | 25% |
| Fine Arts - Painting and Sculpture | 5 | 14.00 | 100% | 20% | 20% |
| Geography | 1 | 10.00 | 0% | 100% | 0% |
| History - American History | 4 | 20.00 | 100% | 75% | 25% |
| History - European History | 5 | 16.00 | 100% | 60% | 0% |
| History - Other History | 5 | 14.00 | 60% | 80% | 0% |
| History - World History | 6 | 10.00 | 67% | 33% | 0% |
| Literature - American Literature | 3 | 16.67 | 100% | 67% | 0% |
| Literature - British Literature | 5 | 16.00 | 100% | 60% | 0% |
| Literature - European Literature | 7 | 14.29 | 100% | 43% | 0% |
| Literature - World Literature | 4 | 15.00 | 100% | 50% | 0% |
| Modern World | 1 | 30.00 | 100% | 100% | 100% |
| Mythology | 4 | 17.50 | 100% | 75% | 0% |
| Other Academic | 2 | 10.00 | 100% | 0% | 0% |
| Other Culture | 2 | 15.00 | 100% | 50% | 0% |
| Other Science (Computer Science) | 1 | 0.00 | 0% | 0% | 0% |
| Other Science (Earth Science) | 1 | 0.00 | 0% | 0% | 0% |
| Other Science (Math) | 3 | 10.00 | 100% | 0% | 0% |
| Other Science (Mixed/Any) | 1 | 10.00 | 100% | 0% | 0% |
| Philosophy | 3 | 16.67 | 100% | 67% | 0% |
| Religion | 6 | 13.33 | 83% | 33% | 17% |
| Science - Biology | 7 | 11.43 | 86% | 14% | 14% |
| Science - Chemistry | 4 | 10.00 | 75% | 25% | 0% |
| Science - Physics | 3 | 13.33 | 100% | 0% | 33% |
| Social Science | 6 | 13.33 | 83% | 33% | 17% |